000 00641nam a2200241Ia 4500
003 OSt
005 20221007072636.0
006 a|||||r|||| 00| 0
007 ta
008 221006b |||||||| |||| 00| 0 eng d
024 _a24,931
037 _cTextual
040 _aFLL
_cFLL
_beng
041 _2eng
_aeng
082 _aZ3:121, J7
100 _aGraveson R.H.
245 0 _aCentury of family law
260 _aLondon
_bSweet & Maxwell Ltd. London
_c1957
300 _axviii,1-158p
_ccm.
700 _a Crane F.R.
_9691123
942 _hZ3:121, J7
_cTEXL
_2CC
999 _c1146631
_d1146631